01118nam a2200181Ia 450000500170000000800410001702000150005805000220007308200170009510000440011224500590015625000180021526000370023330000230027049000340029350505920032765000170091920231102150736.0120625s2002 mx r 001 0 spa d a970240228X 4aHF5651bM677 2002 a657.48 M843c1 aMoreno Fernández, Joaquíne , autor10aContabilidad Superiorc / Joaquín Moreno Fernández a2a. edición aMéxicob : Continentalc, 2002 axix, 388 páginas aContabilidad financierav ; 40 aCuentas de orden Operaciones celebradas en moneda extranjera Agencias y sucursales Operaciones intercompañias Contabilidad por área de responsabilidades y línea de producto Catálogo flexible de cuentas Control contable de los eventos económicos Marco conceptual de la información Estado de situación financiera Estado de resultados Estado de variaciones en el capital contable Estado de cambios en la situación financiera Notas a los estados financieros Información financiera en fechas intermedias Conversión de estados financieros en moneda extranjera  4aCONTABILIDAD